Logo CIB grande

Armada del Ecuador: Instituto de historia marítima, contralmirante Carlos Monteverde Granados (Registro nro. 237978)

Detalles MARC
000 -LEADER
campo de control de longitud fija 00623nam a22002057a 4500
003 - IDENTIFICADOR DE NÚMERO DE CONTROL
campo de control EC-GqESP
005 - FECHA Y HORA DE LA ÚLTIMA TRANSACCIÓN
campo de control 20250529160132.0
008 - DATOS DE LONGITUD FIJA--INFORMACIÓN GENERAL
campo de control de longitud fija 250529b |||||||| |||| 00| 0 eng d
020 ## - NÚMERO INTERNACIONAL ESTÁNDAR DEL LIBRO
Número Internacional Estándar del Libro 1390-9398
041 ## - CÓDIGO DE IDIOMA
Código de lengua del texto/banda sonora o título independiente ESP
082 ## - NÚMERO DE LA CLASIFICACIÓN DECIMAL DEWEY
Número de clasificación 623.809866
110 ## - ENTRADA PRINCIPAL--NOMBRE DE ENTIDAD CORPORATIVA
Nombre de entidad corporativa o nombre de jurisdicción como elemento de entrada Armada del Ecuador
245 ## - MENCIÓN DEL TÍTULO
Título Armada del Ecuador: Instituto de historia marítima, contralmirante Carlos Monteverde Granados
Mención de responsabilidad, etc. Byron Teran Hurtado
250 ## - MENCION DE EDICION
Mención de edición N0. 73
260 ## - PUBLICACIÓN, DISTRIBUCIÓN, ETC.
Lugar de publicación, distribución, etc. Guayaquil
Nombre del editor, distribuidor, etc. ARMADA DEL ECUADOR
Fecha de publicación, distribución, etc. 2024
300 ## - DESCRIPCIÓN FÍSICA
Extensión 200 p.
Otras características físicas fotos, bibliografias
Dimensiones 22.5x16.5 cm
650 ## - PUNTO DE ACCESO ADICIONAL DE MATERIA--TÉRMINO DE MATERIA
Término de materia o nombre geográfico como elemento de entrada Historia marítima
650 ## - PUNTO DE ACCESO ADICIONAL DE MATERIA--TÉRMINO DE MATERIA
Término de materia o nombre geográfico como elemento de entrada Armada del Ecuador
942 ## - ELEMENTOS DE ENTRADA SECUNDARIOS (KOHA)
Tipo de ítem Koha Publicaciones Seriadas
Existencias
Estatus retirado Estado de pérdida Fuente de la clasificación o esquema de estantería Estado de daño No para préstamo Biblioteca de origen Biblioteca actual Fecha de adquisición Coste, precio normal de compra Etiqueta RFID Total de préstamos Signatura topográfica completa Código de barras Visto por última vez Copia número Fecha de reemplazo Tipo de ítem Koha
    Clasificación Decimal Dewey     CENTRO DE INFORMACIÓN BIBLIOTECARIA CENTRO DE INFORMACIÓN BIBLIOTECARIA 09/04/2025 1.00 0000000000000000037786   ARM D-202433 29/05/2025 1 29/05/2025 Publicaciones Seriadas

Copyright 2025 ESPOL. Todos los derechos reservados.